Seinfeld Quiz - Statistics

General Stats
  • This quiz has been taken 54 times
  • The average score is 6 of 15
Answer Stats
Hint Answer % Correct
What baseball player appears as himself in "The Boyfriend"? Keith Hernandez
68%
How many fingers did Kramer accidentally show the Van Buren Boys? 8
66%
What did Elaine give to Tim Whatley that was then regifted? Label maker
58%
What character was the Pez dispenser Jerry put on Elaine's lap? Tweety Bird
58%
Tia Van Camp dated Jerry until she saw a "pick".. What is her profession? Model
53%
In "The Subway", where is Jerry headed? Coney Island
47%
Who did Marla lose her virginity to? John F Kennedy Junior
45%
What is George's middle name? Louis
42%
Who has a horse-face and works for the Parks Department? Cousin Jeffrey
34%
Vandelay, Varnsen, Pennypacker.. What is Kramer's doctor alter ego? Doctor Van Nostrand
32%
Who wishes for Kramer to drop dead? FDR
26%
What is the bubble boy's first name? Donald
24%
In "The Puerto Rican Day", who does Jerry cut off? Maroon Golf
18%
In "The Wigmaster", what brand was the dress Elaine wanted a discount on? Nicole Miller
13%
Marcelino appears in the season finale to deliver a single word line. What is it? "Cockfighting"
5%
No matching quizzes found
Score Distribution
Percent of People with Each Score
Percentile by Number Answered
Your Score History
You have not taken this quiz